000 00819cam a22002535a 4500
001 L154799
002 18949
008 120119s2011 xxk f 000 0 eng d
020 _a9781843119173
035 _a(Sirsi) u154799
041 0 _aeng
050 0 4 _a692.8
100 1 _aBailey, Julian
245 0 0 _aConstruction law
260 _aLondon
_bInforma Law
_c2011
300 _a3
_fv.
_c25cm.
350 _a425
520 _aIn three volumes, it contains detailed information on English and Australian construction law, with a focus on principles rather than cases. Also contains outlines of relevant statute law in England, Wales and the Australian States and Territories.
590 _aKA
651 4 _aEngland and Wales
_y1543-
651 _aAustralia
690 _aBuilding regulations
_96224
942 _n0
999 _c113161
_d113161